[Event "GRENKE Chess Open 2024"]
[Site "Karlsruhe"]
[Date "2024.03.29"]
[Round "3.4"]
[White "Svanda, Ondrej"]
[Black "Niemann, Hans Moke"]
[Result "0-1"]
[WhiteElo "2370"]
[BlackElo "2676"]
[Annotator "TA"]
[PlyCount "96"]
[EventDate "2024.03.28"]
[EventType "swiss"]
[EventCountry "GER"]
[SourceTitle "playchess.com"]
[Source "ChessBase"]
[SourceQuality "1"]

1. e4 c6 2. Nf3 d5 3. Nc3 Bg4 4. h3 Bxf3 5. Qxf3 e6 6. d4 Nf6 7. Bg5 Bb4 8. e5 h6 9. Bd2 Bxc3 10. Bxc3 Ne4 11. Bb4 Nd7 12. c3 c5 13. Bxc5 Ndxc5 14. dxc5 O-O 15. Bd3 Nxc5 16. Bc2 Qg5 17. O-O Qxe5 18. Rfe1 Qg5 19. Rad1 Rac8 20. Rd4 f5 21. c4 Ne4 22. Bb3 Qf6 23. Red1 Nd6 24. cxd5 e5 25. Rb4 e4 26. Qe2 Rce8 27. f4 exf3 28. Qxf3 Re7 29. Qc3 Qxc3 30. bxc3 Rc8 31. Ra4 b6 32. Rd3 g5 33. Ra6 Kg7 34. Ba4 Rc4 35. Bc6 Rce4 36. Rd4 Re1+ 37. Kh2 Rc1 38. Rda4 Ree1 39. Rxa7+ Kf6 40. Rd7 Rh1+ 41. Kg3 Rxc3+ 42. Kf2 Ne4+ 43. Rxe4 fxe4 44. Rd6+ Kf5 45. Rxh6 Rc2+ 46. Ke3 Re1+ 47. Kd4 Rd1+ 48. Ke3 Rd3# 0-1

[Event "GRENKE Chess Open 2024"]
[Site "Karlsruhe"]
[Date "2024.03.29"]
[Round "3.5"]
[White "Dahl, Christoph"]
[Black "Saric, Ivan"]
[Result "0-1"]
[WhiteElo "2367"]
[BlackElo "2670"]
[Annotator "TA"]
[PlyCount "72"]
[EventDate "2024.03.28"]
[EventType "swiss"]
[EventCountry "GER"]
[SourceTitle "playchess.com"]
[Source "ChessBase"]
[SourceQuality "1"]

1. d4 Nf6 2. c4 g6 3. Nc3 Bg7 4. e4 d6 5. Nf3 O-O 6. Be2 e5 7. d5 a5 8. Bg5 h6 9. Bh4 Na6 10. Nd2 Qe8 11. a3 Bd7 12. Qc2 Nh7 13. g4 Nc5 14. f3 Bf6 15. Bxf6 Nxf6 16. O-O-O c6 17. h4 cxd5 18. exd5 Rc8 19. h5 g5 20. Kb1 Na4 21. Nxa4 Bxa4 22. b3 Bd7 23. a4 Qd8 24. Ne4 Nxe4 25. fxe4 b5 26. axb5 Bxb5 27. Qc3 Qb6 28. Kb2 Bd7 29. Ra1 a4 30. b4 Qf2 31. Qc2 Rb8 32. b5 Rfc8 33. Bd3 Qd4+ 34. Qc3 Rxb5+ 35. Kc2 Qf2+ 36. Kc1 Rb3 0-1

[Event "GRENKE Chess Open 2024"]
[Site "Karlsruhe"]
[Date "2024.03.29"]
[Round "3.5"]
[White "Langheinrich, Ferenc"]
[Black "Kamsky, Gata"]
[Result "0-1"]
[WhiteElo "2338"]
[BlackElo "2616"]
[Annotator "TA"]
[PlyCount "86"]
[EventDate "2024.03.28"]
[EventType "swiss"]
[EventCountry "GER"]
[SourceTitle "playchess.com"]
[Source "ChessBase"]
[SourceQuality "1"]

1. b3 d5 2. Bb2 Bf5 3. d3 e6 4. Nd2 Nf6 5. g3 h6 6. Bg2 c6 7. e4 Bh7 8. Qe2 a5 9. a3 Be7 10. Nh3 O-O 11. O-O Nbd7 12. e5 Ne8 13. f4 Nc7 14. Kh1 f6 15. exf6 Bxf6 16. Bxf6 Qxf6 17. Nf3 Qc3 18. Nf2 Bf5 19. Rfe1 a4 20. b4 Rae8 21. Kg1 Nb5 22. Qd2 Qxd2 23. Nxd2 Nd4 24. Rac1 e5 25. g4 Bh7 26. f5 h5 27. h3 hxg4 28. hxg4 g6 29. c3 Nb5 30. c4 dxc4 31. dxc4 Nd4 32. Nde4 gxf5 33. Nd6 Re6 34. Nxb7 fxg4 35. Rcd1 Bf5 36. c5 Rg6 37. Nd6 Nf3+ 38. Bxf3 gxf3+ 39. Kf1 Be6 40. Re3 Bd5 41. Rc3 Nf6 42. b5 Ng4 43. b6 Nxf2 0-1

[Event "GRENKE Chess Open 2024"]
[Site "Karlsruhe"]
[Date "2024.03.29"]
[Round "3.6"]
[White "Shevchenko, Kirill"]
[Black "De Schampheleire, Glen"]
[Result "1-0"]
[WhiteElo "2670"]
[BlackElo "2373"]
[Annotator "TA"]
[PlyCount "49"]
[EventDate "2024.03.28"]
[EventType "swiss"]
[EventCountry "GER"]
[SourceTitle "playchess.com"]
[Source "ChessBase"]
[SourceQuality "1"]

1. e4 e5 2. Nf3 Nc6 3. Bb5 a6 4. Ba4 Nf6 5. Nc3 b5 6. Bb3 Bc5 7. Nd5 d6 8. c3 h6 9. d4 Ba7 10. O-O O-O 11. Nxf6+ Qxf6 12. Bd5 Bb7 13. a4 Bb6 14. Be3 Rab8 15. axb5 axb5 16. dxe5 Nxe5 17. Bxb6 cxb6 18. Bxb7 Rxb7 19. Nd4 b4 20. cxb4 Rc8 21. Nf5 Rd7 22. Ne3 Qd8 23. Nd5 Nc6 24. Qg4 Kf8 25. Nxb6 1-0

[Event "GRENKE Chess Open 2024"]
[Site "Karlsruhe"]
[Date "2024.03.29"]
[Round "3.6"]
[White "Holtel, Jasper"]
[Black "Maurizzi, Marc`Andria"]
[Result "0-1"]
[WhiteElo "2330"]
[BlackElo "2602"]
[Annotator "TA"]
[PlyCount "126"]
[EventDate "2024.03.28"]
[EventType "swiss"]
[EventCountry "GER"]
[SourceTitle "playchess.com"]
[Source "ChessBase"]
[SourceQuality "1"]

1. c4 e5 2. g3 c6 3. Nf3 e4 4. Nd4 d5 5. cxd5 Qxd5 6. Nc2 Nf6 7. Nc3 Qe5 8. d3 exd3 9. Qxd3 Bf5 10. Qd4 Qe6 11. Ne3 Na6 12. Bg2 Bg6 13. O-O Bc5 14. Qc4 Qe7 15. Na4 O-O 16. Nxc5 Nxc5 17. Bd2 a5 18. Qh4 Rfe8 19. Rfd1 Qf8 20. Bf3 Nce4 21. Be1 h6 22. Nc4 Ng5 23. Bd2 Nxf3+ 24. exf3 Nd5 25. Re1 a4 26. Rxe8 Rxe8 27. Ne3 a3 28. bxa3 Qxa3 29. Nxd5 cxd5 30. Be3 Rxe3 31. fxe3 Qxe3+ 32. Kg2 Qe2+ 33. Kg1 Qxf3 34. Qf4 Qd3 35. Rf1 Kh7 36. h4 Be4 37. Kh2 f5 38. Qf2 d4 39. Re1 Qa6 40. Rd1 d3 41. Re1 Qg6 42. Qf4 Qc6 43. Kh3 Qd5 44. a3 b5 45. Qd2 Qd6 46. Qf2 d2 47. Rd1 Qxa3 48. Qxd2 Qf3 49. Re1 b4 50. Kh2 b3 51. Kh3 f4 52. Rg1 Bf5+ 53. Kh2 Qg4 54. Rg2 f3 55. Rf2 Qh3+ 56. Kg1 Qxg3+ 57. Kh1 Qxh4+ 58. Rh2 Qe4 59. Rf2 Bg6 60. Kg1 Qg4+ 61. Kh1 Qh5+ 62. Rh2 f2 63. Qxf2 Be4+ 0-1

[Event "GRENKE Chess Open 2024"]
[Site "Karlsruhe"]
[Date "2024.03.29"]
[Round "3.7"]
[White "Kollars, Dmitrij"]
[Black "Beikert, Guenther"]
[Result "1-0"]
[WhiteElo "2629"]
[BlackElo "2370"]
[Annotator "TA"]
[PlyCount "85"]
[EventDate "2024.03.28"]
[EventType "swiss"]
[EventCountry "GER"]
[SourceTitle "playchess.com"]
[Source "ChessBase"]
[SourceQuality "1"]

1. e4 e6 2. d4 d5 3. Nc3 dxe4 4. Nxe4 Bd7 5. Nf3 Bc6 6. Bd3 Nd7 7. O-O Be7 8. Re1 Ngf6 9. Nc3 Bxf3 10. Qxf3 c6 11. a4 a5 12. h4 Nb6 13. Ne2 O-O 14. c3 Qd5 15. Qg3 Bd6 16. Qh3 e5 17. Bg5 exd4 18. Bxf6 gxf6 19. Nxd4 Kh8 20. Nf5 Bc5 21. Be4 Qd2 22. Qf3 Rae8 23. Rad1 Qxb2 24. Re2 Qb3 25. Bc2 Qc4 26. Qg3 Bxf2+ 27. Rxf2 Rg8 28. Qf3 Nd5 29. Nd6 Qxh4 30. Nxe8 Rxe8 31. c4 Nb4 32. Bb1 Kg7 33. Rdf1 Re6 34. Qf4 Qxf4 35. Rxf4 h6 36. Kh2 Na6 37. Bf5 Rd6 38. Bc8 Nc5 39. Rb1 Rd8 40. Rf5 Ne4 41. Bxb7 Rb8 42. Rxa5 Nd6 43. Ra7 1-0

[Event "GRENKE Chess Open 2024"]
[Site "Karlsruhe"]
[Date "2024.03.29"]
[Round "3.7"]
[White "Indjic, Aleksandar"]
[Black "Chittka, Julius"]
[Result "1-0"]
[WhiteElo "2595"]
[BlackElo "2326"]
[Annotator "TA"]
[PlyCount "57"]
[EventDate "2024.03.28"]
[EventType "swiss"]
[EventCountry "GER"]
[SourceTitle "playchess.com"]
[Source "ChessBase"]
[SourceQuality "1"]

1. d4 d5 2. c4 e6 3. Nf3 Nf6 4. Nc3 dxc4 5. Qa4+ Nbd7 6. e4 a6 7. Bxc4 Rb8 8. Qc2 b5 9. Bd3 Bb7 10. Bf4 Bd6 11. e5 Nh5 12. Be3 Be7 13. Be4 Bxe4 14. Nxe4 f5 15. Neg5 Bxg5 16. Bxg5 Qc8 17. Rc1 Nb6 18. Qxc7 O-O 19. Qe7 Qe8 20. Qxe8 Rfxe8 21. Bd2 Rbc8 22. g3 g6 23. Ke2 Ng7 24. Rc5 Na4 25. Rxc8 Rxc8 26. Rb1 h6 27. Kd3 g5 28. Ba5 g4 29. Ng1 1-0

[Event "GRENKE Chess Open 2024"]
[Site "Karlsruhe"]
[Date "2024.03.29"]
[Round "3.8"]
[White "Dobrikov, Marco"]
[Black "Mishra, Abhimanyu"]
[Result "0-1"]
[WhiteElo "2362"]
[BlackElo "2627"]
[Annotator "TA"]
[PlyCount "92"]
[EventDate "2024.03.28"]
[EventType "swiss"]
[EventCountry "GER"]
[SourceTitle "playchess.com"]
[Source "ChessBase"]
[SourceQuality "1"]

1. e4 c5 2. Nf3 d6 3. d4 cxd4 4. Nxd4 Nf6 5. Nc3 a6 6. h3 e5 7. Nde2 h5 8. Bg5 Be6 9. Bxf6 Qxf6 10. Nd5 Qd8 11. Qd3 Nd7 12. O-O-O g6 13. Kb1 Nc5 14. Qa3 h4 15. Nec3 Bg7 16. Bc4 O-O 17. Ne3 b5 18. Bxe6 fxe6 19. b4 Nb7 20. Qb3 Qe7 21. f3 Nd8 22. a4 Nc6 23. a5 Nd4 24. Qb2 Rac8 25. Rd3 Rc6 26. Re1 Rfc8 27. Na2 Nxc2 28. Nxc2 Rxc2 29. Qxc2 Rxc2 30. Kxc2 d5 31. exd5 exd5 32. Rxd5 Qc7+ 33. Rc5 Qf7 34. Nc3 Bf8 35. Rexe5 Bxc5 36. Rxc5 Qf4 37. Kb3 Qd2 38. Ne4 Qxg2 39. Ng5 Kg7 40. Ka3 Qf1 41. Kb3 Qb1+ 42. Kc3 Qa1+ 43. Kd3 Qa3+ 44. Rc3 Qxb4 45. Rc7+ Kf6 46. Ne4+ Ke5 0-1

[Event "GRENKE Chess Open 2024"]
[Site "Karlsruhe"]
[Date "2024.03.29"]
[Round "3.8"]
[White "Stork, Oliver"]
[Black "Yoo, Christopher Woojin"]
[Result "0-1"]
[WhiteElo "2329"]
[BlackElo "2583"]
[Annotator "TA"]
[PlyCount "60"]
[EventDate "2024.03.28"]
[EventType "swiss"]
[EventCountry "GER"]
[SourceTitle "playchess.com"]
[Source "ChessBase"]
[SourceQuality "1"]

1. c4 g6 2. Nf3 Bg7 3. Nc3 c5 4. e3 Nf6 5. b3 d5 6. Bb2 d4 7. Ne2 Bg4 8. h3 Bxf3 9. gxf3 Nh5 10. Qb1 dxe3 11. fxe3 e5 12. Bg2 Qh4+ 13. Kf1 Nc6 14. Qe1 Qd8 15. Bc3 Bf6 16. h4 O-O 17. a3 Nd4 18. Ng3 Nc2 19. Nxh5 Nxe1 20. Nxf6+ Qxf6 21. Rxe1 Rad8 22. Ke2 Qb6 23. Rb1 Qd6 24. h5 Qd3+ 25. Kf2 Qc2 26. Ke2 Rd6 27. hxg6 fxg6 28. Bh3 e4 29. f4 Rxd2+ 30. Bxd2 Qd3+ 0-1

[Event "GRENKE Chess Open 2024"]
[Site "Karlsruhe"]
[Date "2024.03.29"]
[Round "3.9"]
[White "Svane, Rasmus"]
[Black "Culum, Sanjin"]
[Result "1-0"]
[WhiteElo "2623"]
[BlackElo "2359"]
[Annotator "TA"]
[PlyCount "99"]
[EventDate "2024.03.28"]
[EventType "swiss"]
[EventCountry "GER"]
[SourceTitle "playchess.com"]
[Source "ChessBase"]
[SourceQuality "1"]

1. Nf3 Nf6 2. c4 e6 3. g3 d5 4. Bg2 dxc4 5. Qa4+ Bd7 6. Qxc4 c5 7. O-O Bc6 8. Qc2 Nbd7 9. d3 Rc8 10. Rd1 Be7 11. a4 O-O 12. Nc3 Bd6 13. e4 Ne5 14. Ne1 Bb8 15. f4 Qd4+ 16. Kf1 Ng6 17. Qe2 Qd7 18. Be3 b6 19. d4 Qb7 20. e5 Nd5 21. Nxd5 Bxd5 22. Bxd5 exd5 23. Rac1 cxd4 24. Bxd4 Qd7 25. b3 Ne7 26. Nf3 h6 27. Bf2 Rxc1 28. Rxc1 Rc8 29. Rxc8+ Qxc8 30. Qd3 Bc7 31. Nd4 Bd8 32. Kg2 h5 33. Qb5 Kf8 34. Qe2 Qg4 35. Qxg4 hxg4 36. Be1 Ke8 37. Bb4 Nc8 38. Nf5 Be7 39. Bc3 Bc5 40. Nxg7+ Kd7 41. Nf5 Ke6 42. Ng7+ Kd7 43. Nf5 Ke6 44. Nh6 d4 45. Bd2 f5 46. exf6 Nd6 47. b4 Ne4 48. bxc5 bxc5 49. f7 Ke7 50. Ba5 1-0

[Event "GRENKE Chess Open 2024"]
[Site "Karlsruhe"]
[Date "2024.03.29"]
[Round "3.9"]
[White "Ivic, Velimir"]
[Black "Goldbeck, Lars"]
[Result "1-0"]
[WhiteElo "2582"]
[BlackElo "2317"]
[Annotator "TA"]
[PlyCount "93"]
[EventDate "2024.03.28"]
[EventType "swiss"]
[EventCountry "GER"]
[SourceTitle "playchess.com"]
[Source "ChessBase"]
[SourceQuality "1"]

1. e4 c6 2. d4 d5 3. e5 Bf5 4. h4 Qc7 5. Nc3 h5 6. Bd3 Bxd3 7. Qxd3 e6 8. Nf3 Nd7 9. O-O Ne7 10. Bg5 a6 11. Ne2 c5 12. c4 dxc4 13. Qxc4 b5 14. Qc2 Nd5 15. Rac1 c4 16. a3 N7b6 17. Ng3 f5 18. exf6 gxf6 19. Bd2 Qh7 20. Ne4 Be7 21. Rfe1 Kf7 22. Ba5 Nd7 23. Bb4 Rag8 24. Bxe7 Kxe7 25. Qd2 Qf5 26. Ng3 Qf4 27. Qe2 Qg4 28. Qc2 Qg6 29. Qd2 Kf7 30. Qa5 Ra8 31. Re4 Rhe8 32. Qd2 Rac8 33. Qe2 c3 34. bxc3 Nxc3 35. Rxc3 Rxc3 36. Nxh5 Rg8 37. Ng3 Nf8 38. d5 e5 39. Qe1 Rb3 40. Qc1 Qh7 41. Qc7+ Ke8 42. Qc8+ Kf7 43. Nxe5+ fxe5 44. Qc7+ Kg6 45. Rg4+ Kh6 46. Qc1+ Rg5 47. Qxg5# 1-0

[Event "GRENKE Chess Open 2024"]
[Site "Karlsruhe"]
[Date "2024.03.29"]
[Round "3.10"]
[White "Miller, Eduard"]
[Black "Pultinevicius, Paulius"]
[Result "0-1"]
[WhiteElo "2327"]
[BlackElo "2575"]
[Annotator "TA"]
[PlyCount "92"]
[EventDate "2024.03.28"]
[EventType "swiss"]
[EventCountry "GER"]
[SourceTitle "playchess.com"]
[Source "ChessBase"]
[SourceQuality "1"]

1. d4 Nf6 2. Bf4 d5 3. e3 c5 4. Nf3 Nc6 5. Nbd2 Qb6 6. dxc5 Qxb2 7. Rb1 Qa3 8. Bb5 g6 9. c4 Bg7 10. Ne5 Qxc5 11. cxd5 Qxd5 12. Bc4 Qxg2 13. Bxf7+ Kf8 14. Qf3 Qxf3 15. Ndxf3 Bf5 16. Rc1 Nxe5 17. Nxe5 Nd7 18. Nxd7+ Kxf7 19. Ne5+ Ke6 20. Nf3 Rhc8 21. Ng5+ Kd7 22. Rd1+ Ke8 23. e4 Bd7 24. Nxh7 Rc2 25. Rg1 Bc3+ 26. Bd2 Rxd2 27. Rxd2 Rd8 28. Rg3 Bxd2+ 29. Kxd2 Be6+ 30. Kc3 Bg8 31. Ng5 Rd1 32. Nf3 Rf1 33. Ne5 Rxf2 34. Rxg6 Bxa2 35. h4 Rh2 36. Rh6 Kd8 37. h5 Bb1 38. Nf7+ Kc7 39. Ng5 a5 40. Ne6+ Kb8 41. Nc5 Rc2+ 42. Kd4 Ba2 43. Nd7+ Ka7 44. Nb6 e6 45. Kd3 Bb3 46. Rg6 Kxb6 0-1

[Event "GRENKE Chess Open 2024"]
[Site "Karlsruhe"]
[Date "2024.03.29"]
[Round "3.11"]
[White "Lavrencic, Matic"]
[Black "Meshkovs, Nikita"]
[Result "1/2-1/2"]
[WhiteElo "2322"]
[BlackElo "2556"]
[Annotator "TA"]
[PlyCount "96"]
[EventDate "2024.03.28"]
[EventType "swiss"]
[EventCountry "GER"]
[SourceTitle "playchess.com"]
[Source "ChessBase"]
[SourceQuality "1"]

1. e4 c5 2. Nf3 Nc6 3. d4 cxd4 4. Nxd4 e6 5. Nc3 Qc7 6. Be3 a6 7. a3 b5 8. Nxc6 dxc6 9. Qg4 Nf6 10. Qg3 Qxg3 11. hxg3 e5 12. f3 h6 13. g4 Rg8 14. a4 Bb7 15. Kf2 Nd7 16. Be2 O-O-O 17. Rhd1 Be7 18. axb5 axb5 19. Na2 Nc5 20. b4 Rxd1 21. Rxd1 Na4 22. Rc1 Ba6 23. c4 bxc4 24. Bxc4 Bxc4 25. Rxc4 Kd7 26. Ke2 Rb8 27. Bd2 Nb6 28. Rc2 Na8 29. Bc3 f6 30. Rb2 Nc7 31. Nc1 Nb5 32. Kd3 Rh8 33. Kc2 h5 34. gxh5 Rxh5 35. Nd3 Rh1 36. Kb3 Ke6 37. Ra2 Rb1+ 38. Kc2 Rg1 39. Kb3 Rb1+ 40. Kc2 Rg1 41. Kb3 Bd6 42. Rd2 Rb1+ 43. Bb2 Rg1 44. Bc3 g6 45. Bb2 Rh1 46. Kc2 Rh8 47. Kb3 Rh4 48. Re2 Be7 1/2-1/2

[Event "GRENKE Chess Open 2024"]
[Site "Karlsruhe"]
[Date "2024.03.29"]
[Round "3.12"]
[White "Muradli, Mahammad"]
[Black "Sutter, Oliver"]
[Result "1-0"]
[WhiteElo "2555"]
[BlackElo "2311"]
[Annotator "RC"]
[PlyCount "95"]
[EventDate "2024.03.28"]
[EventType "swiss"]
[EventCountry "GER"]
[SourceTitle "playchess.com"]
[Source "ChessBase"]
[SourceQuality "1"]

1. d4 Nf6 2. c4 e6 3. Nf3 d5 4. Nc3 Nbd7 5. cxd5 exd5 6. Qc2 Be7 7. Bf4 O-O 8. e3 c6 9. Bd3 Re8 10. h3 Nf8 11. Ne5 a6 12. Bh2 c5 13. dxc5 Bxc5 14. O-O Be6 15. Rfd1 Rc8 16. Rac1 b5 17. Qb1 Qb6 18. b4 Be7 19. a3 Red8 20. Ne2 N8d7 21. Nxd7 Bxd7 22. Be5 h6 23. Nf4 Be6 24. Rxc8 Rxc8 25. Bf5 Rc4 26. Bxf6 Bxf6 27. Nxd5 Bxd5 28. Rxd5 Qc7 29. Rd1 Rc3 30. Qe4 Qc6 31. Rd5 Rc4 32. Qd3 Rc1+ 33. Kh2 Qc7+ 34. g3 Rc3 35. Qe4 Qe7 36. Re5 Bxe5 37. Qa8+ Qf8 38. Bh7+ Kxh7 39. Qxf8 f6 40. f4 Rc2+ 41. Kh1 Bb2 42. Qa8 Rc1+ 43. Kg2 Bxa3 44. Qxa6 Bxb4 45. Qxb5 Bc5 46. Qd3+ Kh8 47. Qd8+ Kh7 48. Qd2 1-0

[Event "GRENKE Chess Open 2024"]
[Site "Karlsruhe"]
[Date "2024.03.29"]
[Round "3.13"]
[White "Engel, Luis"]
[Black "Skembris, Spyridon"]
[Result "0-1"]
[WhiteElo "2547"]
[BlackElo "2304"]
[Annotator "TA"]
[PlyCount "78"]
[EventDate "2024.03.28"]
[EventType "swiss"]
[EventCountry "GER"]
[SourceTitle "playchess.com"]
[Source "ChessBase"]
[SourceQuality "1"]

1. e4 c5 2. Nf3 Nc6 3. Bb5 g6 4. Bxc6 dxc6 5. d3 Bg7 6. h3 Nf6 7. Nc3 O-O 8. O-O b6 9. Be3 Qc7 10. Qd2 e5 11. Bh6 Nh5 12. Ne2 f6 13. Bxg7 Nxg7 14. Qe3 Be6 15. Nd2 g5 16. Kh2 Qd7 17. h4 h6 18. g3 Rad8 19. b3 Kh7 20. f4 exf4 21. gxf4 Bg4 22. hxg5 hxg5 23. f5 Rde8 24. Ng3 Nxf5 25. Nxf5 Bxf5 26. Qg3 Be6 27. e5 Kg6 28. Rae1 Rh8+ 29. Kg1 Qd4+ 30. Re3 Rh3 31. Rxf6+ Kh5 32. Nf1 Rxg3+ 33. Nxg3+ Kg4 34. Nf1 Kh5 35. Kg2 Bd5+ 36. Kh2 g4 37. Ng3+ Kg5 38. Rf5+ Kg6 39. Rf6+ Kh7 0-1

[Event "GRENKE Chess Open 2024"]
[Site "Karlsruhe"]
[Date "2024.03.29"]
[Round "3.14"]
[White "Coenen, Michael"]
[Black "Hong, Andrew"]
[Result "0-1"]
[WhiteElo "2320"]
[BlackElo "2542"]
[Annotator "TA"]
[PlyCount "70"]
[EventDate "2024.03.28"]
[EventType "swiss"]
[EventCountry "GER"]
[SourceTitle "playchess.com"]
[Source "ChessBase"]
[SourceQuality "1"]

1. e4 e5 2. Nf3 Nc6 3. d4 exd4 4. Nxd4 Nf6 5. Nc3 Bb4 6. Nxc6 bxc6 7. Bd3 d5 8. exd5 O-O 9. O-O cxd5 10. Bg5 Be6 11. Ne2 h6 12. Bh4 Bd6 13. Nd4 Bd7 14. c3 c5 15. Nf5 Bxf5 16. Bxf5 g5 17. Bg3 Bxg3 18. fxg3 Qb6 19. Rf2 Rae8 20. Qf3 c4 21. Raf1 Re3 22. Qd1 Rfe8 23. Kh1 Re1 24. Rxe1 Qxf2 25. Rf1 Qxb2 26. Qf3 Qe2 27. h4 Qxf3 28. Rxf3 g4 29. Rf4 h5 30. Bc2 Kg7 31. Rf5 Re3 32. Rg5+ Kf8 33. Rf5 Ke7 34. Ba4 Rxc3 35. Re5+ Kd6 0-1

[Event "GRENKE Chess Open 2024"]
[Site "Karlsruhe"]
[Date "2024.03.29"]
[Round "3.15"]
[White "Erdogmus, Yagiz Kaan"]
[Black "Senthil Maran K"]
[Result "1-0"]
[WhiteElo "2540"]
[BlackElo "2301"]
[Annotator "TA"]
[PlyCount "75"]
[EventDate "2024.03.28"]
[EventType "swiss"]
[EventCountry "GER"]
[SourceTitle "playchess.com"]
[Source "ChessBase"]
[SourceQuality "1"]

1. e4 c6 2. d4 d5 3. e5 Bf5 4. Nd2 e6 5. Nb3 Nd7 6. Nf3 Ne7 7. Be2 h6 8. O-O Bg6 9. Ne1 c5 10. Nxc5 Nxc5 11. dxc5 Nc6 12. Be3 d4 13. Bf4 Bxc5 14. Bd3 O-O 15. Bxg6 fxg6 16. Nd3 Bb6 17. Qg4 Qe8 18. Bd2 Rf5 19. Qe4 g5 20. b4 Qd7 21. a4 a5 22. Rfb1 Rf7 23. bxa5 Bxa5 24. Bxa5 Nxa5 25. Nc5 Qd5 26. Qxd5 exd5 27. Rb5 Rc7 28. h3 b6 29. Ne6 Rxc2 30. Nxd4 Rc4 31. Nf5 d4 32. Rxb6 d3 33. Rd1 Rc5 34. Rxd3 Rxe5 35. g4 Ra7 36. Rd8+ Kh7 37. Rbb8 Re4 38. Rh8+ 1-0

[Event "GRENKE Chess Open 2024"]
[Site "Karlsruhe"]
[Date "2024.03.29"]
[Round "3.16"]
[White "Song, Julien"]
[Black "Vavulin, Maxim"]
[Result "1-0"]
[WhiteElo "2311"]
[BlackElo "2538"]
[Annotator "TA"]
[PlyCount "109"]
[EventDate "2024.03.28"]
[EventType "swiss"]
[EventCountry "GER"]
[SourceTitle "playchess.com"]
[Source "ChessBase"]
[SourceQuality "1"]

1. d4 Nf6 2. c4 e6 3. Nf3 b6 4. g3 Ba6 5. b3 b5 6. cxb5 Bxb5 7. Nc3 Ba6 8. Bg2 d5 9. b4 Nbd7 10. Rb1 Bd6 11. O-O O-O 12. Re1 Nb6 13. Ne5 Nc4 14. Nd3 c6 15. e4 dxe4 16. Nxe4 Nxe4 17. Bxe4 Qf6 18. Nc5 Bxc5 19. dxc5 Rad8 20. Qc2 h6 21. a4 Qd4 22. b5 cxb5 23. axb5 Bc8 24. Rb4 Qxc5 25. Rxc4 Qxb5 26. Ba3 Ba6 27. Rc3 Rfe8 28. Bc6 Qa5 29. Bxe8 Rxe8 30. Bc5 Bb7 31. Rc1 a6 32. Qb2 Ba8 33. Ra3 Qd8 34. Qd4 Qc7 35. Rac3 e5 36. Qe3 Qc6 37. f3 Re6 38. Bd6 Qb7 39. Rc8+ Kh7 40. Qe4+ Qxe4 41. fxe4 Bxe4 42. Re1 f5 43. Rd8 h5 44. Kf2 Kg6 45. Rc1 Kg5 46. Rc5 Kg4 47. Rxe5 Rh6 48. Re7 g5 49. Rg7 h4 50. Bf4 hxg3+ 51. hxg3 Rh2+ 52. Ke3 Ra2 53. Rxg5+ Kh3 54. Rh5+ Kg2 55. Rd2+ 1-0

[Event "GRENKE Chess Open 2024"]
[Site "Karlsruhe"]
[Date "2024.03.29"]
[Round "3.17"]
[White "Horvath, Dominik"]
[Black "Bracker, Frank"]
[Result "1-0"]
[WhiteElo "2534"]
[BlackElo "2295"]
[Annotator "TA"]
[PlyCount "51"]
[EventDate "2024.03.28"]
[EventType "swiss"]
[EventCountry "GER"]
[SourceTitle "playchess.com"]
[Source "ChessBase"]
[SourceQuality "1"]

1. Nf3 d5 2. d4 Nf6 3. c4 e6 4. Nc3 Nbd7 5. Bf4 dxc4 6. e3 Nd5 7. Bxc4 Nxf4 8. exf4 Nb6 9. Bd3 g6 10. h4 Bd7 11. h5 Bg7 12. Be4 c6 13. Ne5 Qe7 14. Qb3 g5 15. h6 Bxe5 16. fxe5 f5 17. exf6 Qxf6 18. Qc2 Qe7 19. O-O-O O-O-O 20. Kb1 Kb8 21. Qe2 Qf6 22. Bc2 Nd5 23. Ne4 Qe7 24. Nc5 Rdf8 25. Qe5+ Nc7 26. Qg7 1-0

[Event "GRENKE Chess Open 2024"]
[Site "Karlsruhe"]
[Date "2024.03.29"]
[Round "3.18"]
[White "Rudzinska, Michalina"]
[Black "Kozul, Zdenko"]
[Result "1/2-1/2"]
[WhiteElo "2302"]
[BlackElo "2529"]
[Annotator "TA"]
[PlyCount "94"]
[EventDate "2024.03.28"]
[EventType "swiss"]
[EventCountry "GER"]
[SourceTitle "playchess.com"]
[Source "ChessBase"]
[SourceQuality "1"]

1. e4 c5 2. Nf3 d6 3. d4 cxd4 4. Nxd4 Nf6 5. Nc3 Nc6 6. f3 e5 7. Nb3 Be7 8. Be3 Be6 9. Qe2 a5 10. O-O-O a4 11. Nc5 a3 12. Nxe6 axb2+ 13. Kb1 fxe6 14. Qb5 Kf7 15. Bc4 Na5 16. Bb3 Qc7 17. Rd3 Nxb3 18. Qxb3 Qc6 19. Nb5 Ra5 20. a4 Rha8 21. Rc3 Qe8 22. Rc7 Rxb5 23. Qxb5 Qxb5 24. axb5 Ra1+ 25. Kxb2 Rxh1 26. Rxb7 Ke8 27. Rb8+ Bd8 28. Bb6 Nd7 29. Rxd8+ Ke7 30. Bc7 Rxh2 31. g4 Rf2 32. Rg8 Kf7 33. Rd8 Ke7 34. Rg8 Kf7 35. Rh8 Rxf3 36. Bxd6 Re3 37. c4 Rxe4 38. c5 Rb4+ 39. Kc3 Rxb5 40. c6 Nb6 41. c7 Nd5+ 42. Kd3 Nxc7 43. Bxc7 Rb4 44. Rxh7 Rxg4 45. Bxe5 Kg6 46. Rxg7+ Kf5 47. Rxg4 Kxg4 1/2-1/2

[Event "GRENKE Chess Open 2024"]
[Site "Karlsruhe"]
[Date "2024.03.29"]
[Round "3.19"]
[White "Reza, Wojciech"]
[Black "Gavrilescu, David"]
[Result "0-1"]
[WhiteElo "2298"]
[BlackElo "2524"]
[Annotator "TA"]
[PlyCount "94"]
[EventDate "2024.03.28"]
[EventType "swiss"]
[EventCountry "GER"]
[SourceTitle "playchess.com"]
[Source "ChessBase"]
[SourceQuality "1"]

1. e4 c5 2. Nf3 e6 3. d3 d5 4. Qe2 Be7 5. g3 Nf6 6. Bg2 Nc6 7. O-O b5 8. a4 bxa4 9. Rxa4 O-O 10. h4 dxe4 11. dxe4 e5 12. c3 a5 13. Rd1 Qc7 14. Qc2 Nd7 15. Be3 Nb6 16. Ra1 Be6 17. Nbd2 a4 18. b3 axb3 19. Nxb3 c4 20. Nbd2 h6 21. Rdb1 Nd7 22. Bf1 Na5 23. Ra2 Nc5 24. Rb5 Bd7 25. Rb1 Bg4 26. Rb5 Bd7 27. Rb1 f5 28. Nxc4 f4 29. gxf4 exf4 30. Bd4 Bc6 31. Re1 Kh8 32. Nce5 Be8 33. Rb1 Rd8 34. Bh3 Nc6 35. Bf5 Nxe5 36. Bxe5 Bd6 37. Bd4 Bh5 38. Nd2 Be5 39. Rb5 Bd6 40. Raa5 Be2 41. Rxc5 Qe7 42. Nf1 f3 43. Ng3 Qxh4 44. e5 Bxc5 45. Rxc5 Ra8 46. Nxe2 Ra1+ 47. Nc1 Qg5+ 0-1

[Event "GRENKE Chess Open 2024"]
[Site "Karlsruhe"]
[Date "2024.03.29"]
[Round "3.20"]
[White "Vogel, Roven"]
[Black "Garner, Isaac"]
[Result "1-0"]
[WhiteElo "2521"]
[BlackElo "2294"]
[Annotator "TA"]
[PlyCount "45"]
[EventDate "2024.03.28"]
[EventType "swiss"]
[EventCountry "GER"]
[SourceTitle "playchess.com"]
[Source "ChessBase"]
[SourceQuality "1"]

1. Nf3 Nf6 2. c4 g6 3. Nc3 Bg7 4. e4 d6 5. d4 O-O 6. Be2 e5 7. O-O h6 8. Re1 Nbd7 9. Bf1 Nh7 10. dxe5 Nxe5 11. Nd4 Nc6 12. Be3 Re8 13. Qd2 Ng5 14. f3 Nxd4 15. Bxd4 Bxd4+ 16. Qxd4 Ne6 17. Qf2 Qg5 18. Nd5 c6 19. f4 Qd8 20. Nc3 Qb6 21. Re3 Bd7 22. Rd1 Qc5 23. e5 1-0